Normal view
MARC view
- RADIO WAVE PROPAGATION. EARTH SCIENCES -REMOTE SENSING
Entry Topical Term
001 - CONTROL NUMBER
- control field: 58581
003 - CONTROL NUMBER IDENTIFIER
- control field: NUST
005 - DATE AND TIME OF LATEST TRANSACTION
- control field: 20210628202154.0
008 - FIXED-LENGTH DATA ELEMENTS
- fixed length control field: 210628|| aca||aabn | a|a d
040 ## - CATALOGING SOURCE
- Original cataloging agency: NUST
- Transcribing agency: NUST
150 ## - HEADING--TOPICAL TERM
- Topical term or geographic name entry element: RADIO WAVE PROPAGATION. EARTH SCIENCES -REMOTE SENSING
670 ## - SOURCE DATA FOUND
- Source citation: Work cat.: (NUST): Armand , N . A ,Polyakov , V. M 58580, Radio propagation and remote sensing of the enviroment, 2005
